000 00324nam a22001457a 4500
008 210609b ||||| |||| 00| 0 eng d
020 _a9780133692402
041 _aeng
080 _a82
082 _a82
100 _a21
101 _aGJL
245 _aLiterature Language and Literacy
_cPrentice Hall
942 _2udc
_cBK
999 _c58099
_d58099